00740nam a2200205 i 4500001000300000245009200003250004500095260004600140300003200186650006400218700002900282015001800311020001800329040000800347041000800355044000800363080002400371008004100395856009800436bg00aGospodarka nieruchomościami :bzbiór przepisów /cwybór i wprow. Jerzy Dydenko. a2. wyd., stan prawny na 19 marca 2008 r. aWarszawa :bWolters Kluwer Polska,c2008. a848 s. pag. varia ;c24 cm. 9aNieruchomościxgospodarkaxprawozPolskaystan na 2008 r.1 aDydenko, Jerzy.eWybór aPB 12986/2008 a9788375269543 cBPK apol aPOL a347.235(438)(094.4)090408s2008 pl f l |000 0 pol  uhttp://koha.tu.koszalin.pl/cgi-bin/koha/opac-detail.pl?biblionumber=56225yKatalog online BPK